000
00388nam a2200133Ia 4500
008
151001s9999||||xx |||||||||||||| ||und||
100
_a
रजनी शिरोडकर
245
_a
उद्रेक
250
_a
1
260
_b
बांदोडकर पब्लिशिंग कंपनी मुंबई
260
_c
1987
300
_a
224
365
_b
18
999
_c
973765
_d
973762